| 000 | 00762nam a2200229Ia 4500 | ||
|---|---|---|---|
| 003 | GCL | ||
| 008 | 140319s9999 xx 000 0 ara d | ||
| 040 |
_aGCL / _cGCL |
||
| 082 | 0 | 4 |
_a371.3 _bر ا |
| 100 | 1 | _aاحمد خيرى محمد كاظم | |
| 245 | 1 | 0 |
_aاساليب جديدة فى التعليم والتعلم: اختبار وتقويم الوحدات التعليمية الصغيرة / _cاحمد خيرى محمد كاظم |
| 700 | 1 | _aراسل، جيمس | |
| 260 |
_a[S.N] : _bدار النهضة العربية |
||
| 300 | _a268 ص | ||
| 490 | _a | ||
| 650 | 0 | 4 | _aطرق التدريس |
| 650 | 0 | 4 | _aالتعليم |
| 650 | 0 | 4 | _aالمناهج |
| 650 | 0 | 4 | _aالتخطيط التربوى |
| 650 | 0 | 4 | _aالتدريس |
| 942 |
_2ddc _cBK |
||
| 999 |
_c31805 _d31805 |
||